Fonejacker Quiz Stats

 Plays Quiz not verified by Sporcle

Score 0/6 Timer 03:00
0 Plays Today
Quote Character % Correct
Goooooood morning MadameGeorge Agdgdgwngo
86.7%
'AlloTerry Tibbs
75.6%
Could you describe some cheese for me?The mouse
75.6%
Be, Bar, Bye, Bay, BenBrian Badonde
63.3%
Can i speak to your manager pleeeeeease?Dufrais
55.6%
Herro?Charlie Wong
44.4%

You're not logged in!

Compare scores with friends on all Sporcle quizzes.
OR
Log In

Show Comments

Extras

Created Nov 23, 2010ReportNominate
Tags:brian, comedy, mouse, phone, terry

Top Quizzes Today


Score Distribution

Your Account Isn't Verified!

In order to create a playlist on Sporcle, you need to verify the email address you used during registration. Go to your Sporcle Settings to finish the process.

Report this User

Report this user for behavior that violates our Community Guidelines.

Details: